| 000 | 00809nam a22001337a 4500 | ||
|---|---|---|---|
| 040 | _cRUA | ||
| 082 | _aAGR YOR 2015 B522 Or.1 | ||
| 100 | _aYORN SOPHEA; យ៉ន សោភា | ||
| 245 | _aEffect of ricehusk biochars and bioslurries on nonheading cabbage ( Brassica campestris var pekinensis) in farmer's field conditions in baphnom district, preyveng province; ប្រសិទ្ធភាពធ្យូងអង្កាម និងជីកាកសំណលឡជីវឧស្ម័នលើដំណាំស្ពៃក្រញាញ់ក្នុងលក្ខខណ្ឌស្រែកសិករនៅស្រុកបាភ្នំ ខេត្តព្រែវែង | ||
| 260 |
_aPhnom Penh _bRUA _c2015 |
||
| 300 |
_axi; 45p; _bill; _c29cm; |
||
| 856 | _uYORN SOPHEA | ||
| 942 | _cAGR | ||
| 999 |
_c10702 _d10702 |
||